Theory of religious cycles : tradition modernity and the Bahá'í faith /
In Theory of Religious Cycles: Tradition, Modernity and the Bahá'í Faith Mikhail Sergeev offers a new interpretation of the Soviet period of Russian history as a phase within the religious evolution of humankind by developing a theory of religious cycles, which he applies to modernity and to al...
المؤلف الرئيسي:
التنسيق: كتاب الكتروني
اللغة: English
منشور في:
Boston :
Brill-Rodopi,
2015.
سلاسل:
Value Inquiry Book Series
284.
Religious Studies, Theology and Philosophy E-Books Online, Collection 2015, ISBN: 9789004287471.
الموضوعات:
الوصول للمادة أونلاين: Login to view Source
الوسوم: إضافة وسم
رقم الطلب: BL51 .S4695 2015
| LEADER | 03170nam a2200529 i 4500 | ||
|---|---|---|---|
| 001 | BRILL9789004301078 | ||
| 003 | nllekb | ||
| 005 | 20210602095619.0 | ||
| 006 | m d | ||
| 007 | cr un uuuua | ||
| 008 | 151030s2015 maua sb 001 0 eng d | ||
| 010 | |a 2015024966 | ||
| 020 | |a 9789004301078 |q (electronic book) | ||
| 020 | |z 9789004300033 |q (print) | ||
| 024 | 7 | |a 10.1163/9789004301078 |2 DOI | |
| 035 | |a (OCoLC)930684536 | ||
| 040 | |a NL-LeKB |c NL-LeKB |e rda | ||
| 050 | 4 | |a BL51 |b .S4695 2015 | |
| 072 | 7 | |a HP |2 bicssc | |
| 072 | 7 | |a PHI000000 |2 bisacsh | |
| 082 | 0 | 4 | |a 200.9 |2 23 |
| 100 | 1 | |a Sergeev, Mikhail |q (Mikhail I︠U︡.) | |
| 245 | 1 | 0 | |a Theory of religious cycles : |b tradition modernity and the Bahá'í faith / |c by Mikhail Sergeev ; with a foreword by Leonard Swidler. |
| 264 | 1 | |a Boston : |b Brill-Rodopi, |c 2015. | |
| 300 | |a 1 online resource (xiii, 161 pages) : |b illustrations. | ||
| 336 | |a text |b txt |2 rdacontent | ||
| 337 | |a computer |b c |2 rdamedia | ||
| 338 | |a online resource |2 rdacarrier | ||
| 490 | 1 | |a Value inquiry book series, |a Contemporary Russian philosophy |x 0929-8436 ; |v v. 284. | |
| 504 | |a Includes bibliographical references and index. | ||
| 505 | 0 | 0 | |a Preliminary Material -- Cycles of Religion: Theory and Application -- The Project of Modernity: Pro et Contra -- The Bahá'í Faith: A New Paradigm -- Principles of Bahá'í Organization -- Conclusions -- Postscript: Theses on Modernity and the Bahá'í Faith -- Appendices -- Bibliography -- Index. |
| 506 | |a Available to subscribing member institutions only. | ||
| 520 | |a In Theory of Religious Cycles: Tradition, Modernity and the Bahá'í Faith Mikhail Sergeev offers a new interpretation of the Soviet period of Russian history as a phase within the religious evolution of humankind by developing a theory of religious cycles, which he applies to modernity and to all the major world faiths of Judaism, Buddhism, Christianity, and Islam. Sergeev argues that in the course of its evolution religion passes through six common phases-formative, orthodox, classical, reformist, critical, and post-critical. Modernity, which was started by the European Enlightenment, represents the critical phase of Christianity, a systemic crisis that could be overcome with the appearance of new religious movements such as the Bahá'í Faith, which offers a spiritual extension of the modern worldview. | ||
| 650 | 0 | |a Religion |x Philosophy. | |
| 650 | 0 | |a Religions |x History. | |
| 650 | 0 | |a Bahai Faith. | |
| 650 | 7 | |a Bahai Faith. |2 fast | |
| 650 | 7 | |a Religion |x Philosophy. |2 fast | |
| 650 | 7 | |a Religions. |2 fast | |
| 655 | 7 | |a History. |2 fast | |
| 776 | 0 | 8 | |i Print version: |t Theory of Religious Cycles: Tradition, Modernity, and the Bahá'í Faith |d Leiden, Boston : Brill | Rodopi, 2015, |z 9789004300033 |
| 830 | 0 | |a Value Inquiry Book Series |v 284. | |
| 830 | 0 | |a Religious Studies, Theology and Philosophy E-Books Online, Collection 2015, ISBN: 9789004287471. | |
| 856 | 4 | |z DOI: |u http://dx.doi.org/10.1163/9789004301078 | |
| 942 | |c EBOOK | ||
| 952 | |0 0 |1 0 |4 0 |7 1 |9 13509 |a BRILL |b BRILL |d 2021-06-02 |l 0 |r 2021-06-02 00:00:00 |w 2021-06-02 |y EBOOK | ||
| 999 | |c 34961 |d 34961 | ||
